Największe miasta na świecie (pod względem ludności) - Statystyki

Ogólne statystyki
  • Ten quiz został rozwiązany 95 razy
  • Średni wynik to 7 z 15
Statystyki odpowiedzi
Miejsce Państwo # Miasto % Poprawnych
1. Japonia 37,2 mln Tokio
100%
8. Chiny 22,8 mln Pekin
90%
6. Meksyk 22,3 mln Meksyk
81%
7. Egipt 22,2 mln Kair
78%
3. Chiny 29,2 mln Szanghaj
66%
2. Indie 32,9 mln Delhi
65%
5. Brazylia 22,6 mln Sao Paulo
56%
9. Indie 21,3 mn Bombaj
50%
4. Bangladesz 23,4 mln Dhaka
44%
10. Japonia 19 mln Osaka
38%
15. Nigeria 15,3 mln Lagos
29%
14. Demokratyczna Republika Konga 15,6 mln Kinszasa
24%
12. Pakistan 16,8 mln Karaczi
15%
11. Chiny 16,8 mln Chongqing
10%
13. Turcja 15,6 mln Sambuł
3%
Nie znaleziono quizów pasujących do podanych kryteriów
Rozkład punktacji
Procent ludzi z każdym wynikiem
Percentyl według liczby udzielonych odpowiedzi
Twoja historia wyników
Nie rozwiązałeś tego quizu